Historky před spaním /

Hlavní autor: Achleitner, Friedrich, 1930-2019
Další autoři: Pfeiferová, Dana, 1967-, Achleitner, Friedrich, 1930-2019., Achleitner, Friedrich, 1930-2019.
Jazyk: Čeština
Vydáno: Ve Zlíně : Archa, 2017
Vydání: První vydání
Edice: Edice moderních rakouských autorů
Témata:
Fyzický popis: 161 stran ; 19 cm
Knihy
Uloženo v:
LEADER 01650cam a2200421 i 4500
001 nkc20172900553
003 CZ PrNK
005 20240902074148.0
007 ta
008 170519s2017 xr g 000 f cze d
015 |a cnb002900553 
020 |a 978-80-87545-53-9  |q (brožováno) 
035 |a (OCoLC)1005726378 
040 |a ULG001  |b cze  |d ABA001  |e rda 
041 1 |a cze  |h ger 
072 7 |a 821.112.2-3  |x Německá próza, německy psaná  |2 Konspekt  |9 25 
080 |a 821.112.2(436)-3  |2 MRF 
080 |a (0:82-3)  |2 MRF 
100 1 |a Achleitner, Friedrich,  |d 1930-2019  |7 jn19990000060  |4 aut 
245 1 0 |a Historky před spaním /  |c Friedrich Achleitner ; z německého originálu Einschlafgessichten ... a Und oder oder und ... přeložila a doslovem opatřila Dana Pfeiferová 
250 |a První vydání 
264 1 |a Ve Zlíně :  |b Archa,  |c 2017 
300 |a 161 stran ;  |c 19 cm 
336 |a text  |b txt  |2 rdacontent 
337 |a bez média  |b n  |2 rdamedia 
338 |a svazek  |b nc  |2 rdacarrier 
490 1 |a Edice moderních rakouských autorů ;  |v svazek 16. 
655 7 |a rakouské prózy  |7 fd202942  |2 czenas 
655 9 |a Austrian prose  |2 eczenas 
700 1 |a Pfeiferová, Dana,  |d 1967-  |7 mzk2004257551  |4 trl  |4 waw 
700 1 2 |a Achleitner, Friedrich,  |d 1930-2019.  |t Einschlafgeschichten.  |l Česky 
700 1 2 |a Achleitner, Friedrich,  |d 1930-2019.  |t Und oder oder und.  |l Česky 
830 0 |a Edice moderních rakouských autorů  |0 s 
910 2 |a BOA001  |b 1-1399.631 
920 |a KN3148000001180403  |z ULG001 
990 |a BK 
995 |a 01 
996 6 |b 2610728129  |c 1-1399.631  |l MZK  |r Sklad / do 1 hodiny  |n 0  |p p.v.  |w 001644024  |u 000010  |a 1  |e BOA001  |j MZK50  |s P